Statystyki dla 150 największych miast w Polsce na mapie

Kliknij tutaj aby rozwiązać quiz!

Ogólne statystyki

  • Ten quiz został rozwiązany 385 razy
  • Średni wynik to 104 z 150

Odpowiedzi na mapie

Odpowiedzi skodowane kolorowo w zielono-czerwonej skali na mapie do tego quizu, zgodnie z poniższymi procentami.
 

Statystyki odpowiedzi

WojewództwoMiastoPopulacja% Poprawnych
pomorskieGdańsk470 621
97%
pomorskieGdynia243 918
97%
zachodniopomorskieSzczecin395 513
97%
małopolskieKraków782 137
94%
łódzkieŁódź664 071
94%
mazowieckieWarszawa1 795 569
94%
podlaskieBiałystok295 683
93%
lubelskieLublin336 339
93%
dolnośląskieWrocław642 687
93%
kujawsko-pomorskieBydgoszcz339 053
92%
wielkopolskiePoznań529 410
92%
pomorskieSopot34 909
92%
lubuskieZielona Góra140 403
92%
warmińsko-mazurskieOlsztyn169 793
91%
opolskieOpole127 077
91%
kujawsko-pomorskieToruń196 935
91%
śląskieKatowice286 960
90%
podkarpackieRzeszów198 609
90%
śląskieCzęstochowa214 342
89%
mazowieckieRadom206 946
89%
warmińsko-mazurskieElbląg117 390
88%
świętokrzyskieKielce191 448
88%
lubuskieGorzów Wielkopolski120 087
87%
zachodniopomorskieKołobrzeg45 713
87%
zachodniopomorskieKoszalin104 994
87%
zachodniopomorskieŚwinoujście40 467
87%
małopolskieTarnów105 922
87%
podlaskieSuwałki69 206
85%
śląskieBielsko-Biała168 319
84%
mazowieckiePłock116 962
84%
śląskieGliwice175 102
83%
pomorskieSłupsk88 835
83%
śląskieSosnowiec194 818
83%
warmińsko-mazurskieEłk61 677
82%
małopolskieNowy Sącz83 116
82%
śląskieZabrze168 946
82%
śląskieChorzów105 628
80%
mazowieckiePruszków62 750
80%
śląskieBytom161 139
79%
wielkopolskieKonin71 427
79%
dolnośląskieLegnica97 300
79%
łódzkiePiotrków Trybunalski71 252
79%
kujawsko-pomorskieWłocławek106 928
79%
lubelskieZamość62 021
79%
kujawsko-pomorskieInowrocław70 713
78%
dolnośląskieJelenia Góra77 366
78%
dolnośląskieLubin70 815
78%
zachodniopomorskieStargard67 293
78%
kujawsko-pomorskieGrudziądz92 552
77%
wielkopolskiePiła71 846
77%
podkarpackiePrzemyśl58 721
77%
śląskieRybnik135 994
77%
mazowieckieSiedlce77 354
77%
dolnośląskieWałbrzych108 222
77%
wielkopolskieKalisz97 905
76%
śląskieTychy125 781
76%
lubelskieChełm60 231
75%
podlaskieŁomża62 019
75%
lubelskieBiała Podlaska56 498
74%
podkarpackieKrosno45 463
74%
podkarpackieTarnobrzeg45 827
74%
pomorskieWejherowo48 462
74%
śląskieRuda Śląska135 008
73%
podkarpackieStalowa Wola58 545
73%
łódzkieBełchatów55 583
72%
wielkopolskieGniezno66 769
72%
mazowieckieLegionowo53 205
72%
pomorskieMalbork37 693
72%
pomorskieRumia49 936
72%
pomorskieStarogard Gdański46 768
72%
podkarpackieMielec59 509
71%
małopolskieNowy Targ33 090
71%
śląskieDąbrowa Górnicza116 971
70%
opolskieKędzierzyn-Koźle58 899
70%
pomorskieTczew59 111
70%
mazowieckieOstrołęka51 012
69%
świętokrzyskieOstrowiec Świętokrzyski66 258
69%
mazowieckiePiaseczno48 688
69%
łódzkieTomaszów Mazowiecki60 529
69%
śląskieMysłowice74 085
68%
mazowieckieOtwock44 078
68%
łódzkiePabianice63 023
68%
lubelskiePuławy46 304
68%
śląskieSiemianowice Śląskie65 684
68%
dolnośląskieGłogów65 400
67%
łódzkieSkierniewice47 031
67%
śląskieJastrzębie-Zdrój86 632
66%
wielkopolskieOstrów Wielkopolski70 982
66%
podkarpackieDębica44 692
65%
śląskieJaworzno89 350
65%
wielkopolskieLeszno62 200
65%
łódzkieRadomsko44 700
65%
łódzkieZgierz54 974
65%
śląskieŻory62 848
65%
śląskiePiekary Śląskie54 226
64%
świętokrzyskieSkarżysko-Kamienna43 422
64%
świętokrzyskieStarachowice46 879
64%
śląskieTarnowskie Góry61 842
64%
opolskieNysa42 740
63%
zachodniopomorskiePolice31 863
63%
śląskieRacibórz53 632
63%
dolnośląskieŚwidnica55 413
63%
warmińsko-mazurskieIława33 003
62%
małopolskieOświęcim37 031
62%
śląskieWodzisław Śląski47 073
62%
śląskieŚwiętochłowice48 577
61%
zachodniopomorskieSzczecinek39 474
60%
śląskieZawiercie48 108
60%
śląskieBędzin55 183
59%
śląskieCieszyn33 500
59%
podkarpackieJasło34 040
58%
podkarpackieSanok36 462
58%
mazowieckieWołomin36 492
58%
warmińsko-mazurskieOstróda32 440
57%
lubelskieŚwidnik38 174
57%
mazowieckieŻyrardów39 138
57%
pomorskieChojnice39 423
56%
mazowieckieCiechanów43 495
56%
mazowieckieMińsk Mazowiecki40 754
56%
mazowieckieMława31 047
56%
opolskieBrzeg34 778
55%
pomorskieLębork34 864
55%
dolnośląskieZgorzelec29 253
55%
śląskieŻywiec30 313
55%
łódzkieKutno42 704
54%
łódzkieSieradz40 891
54%
pomorskiePruszcz Gdański31 949
53%
lubuskieŻary36 559
53%
pomorskieKwidzyn37 975
52%
podkarpackieJarosław36 563
51%
mazowieckieMarki38 061
51%
lubuskieNowa Sól37 791
51%
mazowieckieZąbki39 420
51%
mazowieckieGrodzisk Mazowiecki32 818
50%
dolnośląskieBolesławiec38 346
49%
dolnośląskieOława32 997
48%
śląskieMikołów41 047
47%
małopolskieOlkusz34 265
47%
lubelskieKraśnik33 382
46%
dolnośląskieOleśnica36 683
46%
łódzkieZduńska Wola40 730
46%
mazowieckieSochaczew35 455
45%
wielkopolskieWrześnia30 937
45%
śląskieCzechowice-Dziedzice35 684
42%
dolnośląskieDzierżoniów32 346
41%
śląskieMyszków30 776
41%
małopolskieChrzanów35 651
40%
śląskieCzeladź30 732
36%
śląskieKnurów37 502
36%
wielkopolskieLuboń31 900
36%

Rozkład punktacji

Percentyl według liczby udzielonych odpowiedzi

Procent ludzi z każdym wynikiem

Twoja historia wyników

Nie rozwiązałeś tego quizu